Shakespeare Plays by Main Character - Statistics

General Stats
  • This quiz has been taken 52 times
  • The average score is 16 of 23
Answer Stats
Character Play % Correct
Hamlet Hamlet
100%
Lear King Lear
100%
Macbeth Macbeth
100%
Othello Othello
100%
Romeo/Juliet Romeo and Juliet
100%
Brutus Julius Caesar
92%
Hermia/Helena/Lysander A Midsummer Nights Dream
82%
Cymbeline Cymbeline
77%
Prospero Tempest
77%
Claudio/Hero/Beatrice/Benedick Much Ado About Nothing
74%
Viola Twelfth Night
72%
Rosalind As You Like It
69%
Pericles Pericles, Prince of Tyre
69%
Katherine The Taming of the Shrew
67%
Sir John Falstaff The Merry Wives of Windsor
59%
Troilus Troilus and Cressida
59%
Antonio Merchant of Venice
56%
Prince Hal Henry IV
49%
Valentine/Proteus The Two Gentlemen of Verona
49%
Leontes The Winter's Tale
49%
Helena Alls Well that Ends Well
44%
King Ferdinand Love's Labour's Lost
44%
Antipholus of Syracuse The Comedy of Errors
41%
No matching quizzes found
Score Distribution
Percent of People with Each Score
Percentile by Number Answered
Your Score History
You have not taken this quiz